000 00687nam a2200241Ia 4500
003 OSt
005 20220918204629.0
006 a|||||r|||| 00| 0
007 ta
008 220917b |||||||| |||| 00| 0 eng d
024 _a113,543
037 _cTextual
040 _aARTS
_cARTS
_beng
041 _2eng
_aeng
082 _aV53,4.N21-M71, G0
100 _aSoltav R H
_9112627
245 0 _aFrench parties and politics 1871-1921
_b with a new supplementary chapter dealing with 1922-1930
260 _aLondon
_bOxford
_c1930
300 _a88p.
_ccm.
650 _aHISTORY
942 _hV53,4.N21-M71, G0
_cTEXL
_2CC
999 _c236876
_d236876